| 000 | 00645cam a2200205 4500 | ||
|---|---|---|---|
| 001 | BIIH005349 | ||
| 008 | 1997 spa | ||
| 020 | _a968-6951-30-X | ||
| 035 | _aBIIH005349 | ||
| 050 | 4 |
_aF1321 _b.9 .J83 J8 1997 |
|
| 245 | 0 |
_aJuchitán : La ciudad de las mujeres / _cVeronika Bennholdt-Thomsen, coord. |
|
| 260 |
_aOaxaca, Oaxaca, México : _bInstituto Oaxaqueño de las Culturas, _c1997 |
||
| 300 |
_a341 p. ; _c23 cm. |
||
| 440 | 0 | _aDisha . Antropología | |
| 500 | _a1 ejemplar | ||
| 504 | _aBibliografía: p. 321-341 | ||
| 650 | 4 | _aMujeres | |
| 700 | 1 | _aBennholdt-Thomsen, Veronika, coord | |
| 942 |
_2lcc _cLIB |
||
| 999 |
_c86486 _d86486 |
||